000 01972cam a2200229 a 4500
001 14133742
005 20180130033841.0
008 051006m20059999nyu 000 0 eng
010 _a 2005281625
_z 2005282476
_z 2005282497
_z 2005282475
_z 2005282496
_z 2005282477
_z 2005283887
_z 2005284109
_z 2006275244
_z 2006285425
_z 2005283731
_z 2012418103
040 _aDLC
_cDLC
_dDLC
041 _aeng
043 _an-us---
080 _a340.076 EMA
082 0 0 _a340.076 EMA
_222
100 1 _a14
101 _aJUR
245 1 0 _aSiegel's [topic] essay and multiple-choice questions and answers.
246 3 0 _aEssay and multiple-choice questions and answers
906 _a7
_bcbc
_corignew
_d2
_encip
_f20
_gy-gencatlg
942 _2ddc
_cBK
999 _c41220
_d41220